000 00327nam a22001457a 4500
008 221011b ||||| |||| 00| 0 eng d
020 _a9780910707671
041 _aeng
080 _a616.053
082 _a616.053
100 _a14.2
101 _aPEDI
245 _aMISDIAGNOSIS CHILDREN ADULTS
_cRONALD E
942 _2udc
_cBK
999 _c58490
_d58490